000 00401nam a22001577a 4500
005 20240801155128.0
008 240801b |||||||| |||| 00| 0 eng d
020 _a1-55860-624-6
050 _aTA 1637 .D45 1999
_bC.1
100 _aBIMBO,ALBERT DEL
245 _aVISUAL INFORMATION RETRIEVAL
260 _aINDIA
_bKAUFMANN MORGAN
_c1999
300 _aX,270P.
500 _aINDEX
942 _2lcc
_cBK
999 _c211152
_d211152